| 000 | 00747nam a22002292 4500 | ||
|---|---|---|---|
| 001 | 0000000583 | ||
| 005 | 20151217151750.0 | ||
| 008 | 070212s xx 000 0 eng d | ||
| 020 |
_a0802804268 : _cKES 2,200 |
||
| 040 |
_aKABU _cKABU |
||
| 050 | 0 |
_aBR115 _b.C8N49 1989 |
|
| 100 | 1 |
_aNewbigin, Lesslie. _@0000148815 |
|
| 245 | 1 | 4 |
_aThe Gospel in a pluralistic society / _cLesslie Newbigin. |
| 260 |
_aGrand Rapids, MI : _bW. B. Eerdmans, _c1989. |
||
| 300 |
_axi, 252 p. ; _c23 cm. |
||
| 650 | 0 |
_aChristianity _y20th century. _@0000083642 |
|
| 650 | 0 |
_aChristianity and culture. _@0000148811 |
|
| 650 | 0 |
_aApologetics _y20th century. _@0000148816 |
|
| 908 | _a070212 | ||
| 950 | _@1 | ||
| 999 |
_c4807 _d4807 |
||